Environmentálne aspekty hodnotenia výkonnosti podnikov diplomová práca

Salvato in:
Dettagli Bibliografici
Autore principale: Slamková, Lenka
Ente Autore: Podnikovohospodárska fakulta EU so sídlom v Košiciach. Katedra manažmentu
Altri autori: Szaryszová, Petra, 1984-
Natura: Libro
Lingua:slovacco
Pubblicazione: Košice 2014
Tags: Aggiungi Tag
Nessun Tag, puoi essere il primo ad aggiungerne!!

MARC

LEADER 00000nbm a2200000 4500
001 0187020
005 20170201084659.2
041 0 |a slo 
044 |a SK 
245 1 0 |a Environmentálne aspekty hodnotenia výkonnosti podnikov  |b diplomová práca  |c Lenka Slamková ; školiteľ: Petra Szaryszová 
264 1 |a Košice  |c 2014 
300 |a 71 s. 
100 1 |a Slamková, Lenka 
700 1 |a Szaryszová, Petra, 1984- 
710 2 |a Podnikovohospodárska fakulta EU so sídlom v Košiciach. Katedra manažmentu